THE MANAGEMENT PROCESS (THE PRINCIPLES OF MAMAGEMENT ) (Record no. 22341)

MARC details
000 -LEADER
fixed length control field 00393nam a22001577a 4500
003 - CONTROL NUMBER IDENTIFIER
control field SGT
082 ## - DEWEY DECIMAL CLASSIFICATION NUMBER
Classification number 610.73
Item number M76D
100 ## - MAIN ENTRY--PERSONAL NAME
Personal name DAVAR, RUSTOM S.
245 ## - TITLE STATEMENT
Title THE MANAGEMENT PROCESS (THE PRINCIPLES OF MAMAGEMENT )
250 ## - EDITION STATEMENT
Edition statement 3RD
260 ## - PUBLICATION, DISTRIBUTION, ETC. (IMPRINT)
Place of publication, distribution, etc BOMBAY, INDIA
Name of publisher, distributor, etc PROGRESSIVE COM
Year of Publication 1976
300 ## - PAGE DESCRIPTION
No. of Pages 715
650 ## - SUBJECT ADDED ENTRY--TOPICAL TERM
Topical term or geographic name as entry element RESEARCH
653 ## - KEYWORDS--INDEX TERM
Keyword term PRINCIPLES OF MANAGEMENT
942 ## - ADDED ENTRY ELEMENTS (KOHA)
Source of classification or shelving scheme Dewey Decimal Classification
Koha item type Rare Books
Holdings
Withdrawn status Lost status Source of classification or shelving scheme Damaged status Not for loan Collection code Home library Current library Shelving location Date acquired Vendor Name Full call number Accession No. (Barcode) Date last seen Bill Date Koha item type
    Dewey Decimal Classification   Not For Loan NURSING SGT Medical Library SGT Medical Library Reference Book 02/03/2022 COMP. 616.024 M95E FN4691 02/03/2022 02/03/2022 Rare Books